Real Madryt - najdroższe transfery - Statystyki

Ogólne statystyki
  • Ten quiz został rozwiązany 1 000 razy
    458 od ostatniego zresetowania
  • Średni wynik to 16 z 20
Statystyki odpowiedzi
Sezon Kwota Klub sprzedający Narodowość Pozycja Zawodnik % Poprawnych
13/14 101 mln € Tottenham Walia p. napastnik Gareth Bale
99%
09/10 94 mln € Manchester United Portugalia ś. napastnik Cristiano Ronaldo
98%
19/20 120,80 mln € Chelsea Belgia l. napastnik Eden Hazard
98%
02/03 45 mln € Inter Mediolan Brazylia/Hiszpania ś. napastnik Ronaldo
97%
23/24 113 mln € Borussia Dortmund Anglia/Irlandia of. pomocnik Jude Bellingham
94%
00/01 60 mln € Barcelona Portugalia p. napastnik Luís Figo
88%
18/19 45 mln € Flamengo Brazylia/Hiszpania l. napastnik Vinicius Junior
83%
19/20 45 mln € Santos Brazylia/Hiszpania p. napastnik Rodrygo
81%
14/15 75 mln € Monaco Kolumbia/Hiszpania of. pomocnik James Rodríguez
80%
09/10 67 mln € AC Milan Brazylia/Włochy of. pomocnik Kaká
80%
24/25 47,50 mln € Palmeiras Brazylia ś. napastnik Endrick
79%
01/02 77,50 mln € Juventus Francja/Algieria of. pomocnik Zinédine Zidane
79%
22/23 80 mln € Monaco Francja/Kamerun def. pomocnik Aurélien Tchouaméni
77%
25/26 62,5 mln € Bournemouth Hiszpania/Holandia ś. obrońca Dean Huijsen
77%
19/20 48 mln € Olympique Lyon Francja/Senegal l. obrońca Ferland Mendy
77%
19/20 63 mln € Eintracht Frankfurt Serbia/Bośnia i Herc. ś. napastnik Luka Jović
74%
19/20 50 mln € Porto Brazylia/Hiszpania ś. obrońca Éder Militão
73%
03/04 37,50 mln € Manchester United Anglia p. pomocnik David Beckham
71%
15/16 38 mln € Inter Mediolan Chorwacja ś. pomocnik Mateo Kovacic
64%
25/26 45 mln € River Plate Argentyna/Włochy p. napastnik Franco Mastantuono
62%
Nie znaleziono quizów pasujących do podanych kryteriów
Rozkład punktacji
Procent ludzi z każdym wynikiem
Percentyl według liczby udzielonych odpowiedzi
Twoja historia wyników
Nie rozwiązałeś tego quizu od ostatniego zresetowania